00341nam a2200133Ia 4500008004100000041000800041082001600049100001600065245004300081260003400124300003400158365000900192440000600201240624s9999 xx 000 0 und d aeng a332.024 VIT aVITT LOIS A aENCYCLOPEDIA OF RETIREMENT AND FINANCE c2003aLondonbGreenwodd Press axxxvii, : 438 : p. : cm. ; 26 cb25 v2